Foot and mouth crisis (Record no. 66823)

MARC details
000 -LEADER
fixed length control field 01380cam a2200265 4500
001 - CONTROL NUMBER
control field WB3716-26
008 - FIXED-LENGTH DATA ELEMENTS--GENERAL INFORMATION
fixed length control field 000000n2001 000 0 eng u
035 ## - SYSTEM CONTROL NUMBER
System control number (Sirsi) u112198
245 ## - TITLE STATEMENT
Title Foot and mouth crisis
260 ## - PUBLICATION, DISTRIBUTION, ETC.
Date of publication, distribution, etc. 2001
490 ## - SERIES STATEMENT
Series statement MAFF Press Release
Volume/sequential designation (135/01) 20 April 2001
490 ## - SERIES STATEMENT
Series statement DoH Press Release
Volume/sequential designation (2001/0199) 24 April 2001
490 ## - SERIES STATEMENT
Series statement Daily Telegraph
Volume/sequential designation 25 April 2001, 6
490 ## - SERIES STATEMENT
Series statement Guardian
Volume/sequential designation 26 April 2001, 6(5)
520 ## - SUMMARY, ETC.
Summary, etc. Update on developments in the foot and mouth crisis. The Environment Agency chief executive has called for the wider use of landfill sites to clear the carcass backlog, as public fears increase about the effects of burning pyres. Official MAFF statistics fail to represent the total number of animals slaughtered which is thought to be around 3.7m. From 28 April farmers will be less restricted in moving animals between premises, which should ease farm welfare problems. The Department of Health has issued public and scientifc guidance on the safe disposal of animal carasses which are available at http://www.co-ordination.gov.uk and http://www.doh.gov.uk/fmguidance.
590 ## - LOCAL NOTE (RLIN)
Local note WB
650 ## - SUBJECT ADDED ENTRY--TOPICAL TERM
Topical term or geographic name entry element LANDFILL SITES
650 ## - SUBJECT ADDED ENTRY--TOPICAL TERM
Topical term or geographic name entry element RESTRICTIONS
650 ## - SUBJECT ADDED ENTRY--TOPICAL TERM
Topical term or geographic name entry element FARMING INDUSTRY
650 ## - SUBJECT ADDED ENTRY--TOPICAL TERM
Topical term or geographic name entry element PUBLIC HEALTH
650 ## - SUBJECT ADDED ENTRY--TOPICAL TERM
Topical term or geographic name entry element DISPOSAL
650 ## - SUBJECT ADDED ENTRY--TOPICAL TERM
Topical term or geographic name entry element FOOT-AND-MOUTH DISEASE
690 ## - LOCAL SUBJECT ADDED ENTRY--TOPICAL TERM (OCLC, RLIN)
Topical term or geographic name as entry element Rural
9 (RLIN) 6268
942 ## - ADDED ENTRY ELEMENTS (KOHA)
Suppress in OPAC 0
Holdings
Withdrawn status Lost status Source of classification or shelving scheme Damaged status Not for loan Home library Current library Shelving location Date acquired Total Checkouts Full call number Barcode Date last seen Copy number Price effective from Koha item type
    Dewey Decimal Classification     London London News article 26/04/2001   WB3716-26 112198-1001 06/08/2019 1 06/08/2019 News article